Wilhelm von Humboldt Ausgewählte Schriften (Record no. 6018)

MARC details
000 -CABECERA
campo de control de longitud fija 00619nam a2200217 a 4500
001 - NÚMERO DE CONTROL
campo de control BRCA_6332
005 - FECHA Y HORA DE LA ÚLTIMA TRANSACCIÓN
campo de control 20190320205421.0
008 - DATOS DE LONGITUD FIJA--INFORMACIÓN GENERAL
campo de control de longitud fija 110811s1917----gw-ac#####---#000-0#ger-#
041 ## - CÓDIGO DE LENGUA
Código de lengua del texto/banda sonora o título independiente ger
044 ## - CÓDIGO DEL PAÍS DE LA ENTIDAD EDITORA/PRODUCTORA
Código MARC del país gw
050 #4 - SIGNATURA TOPOGRÁFICA DE LA BIBLIOTECA DEL CONGRESO
Número de clasificación PZ3
Número de documento/Ítem .W558 Lo
100 1# - ENTRADA PRINCIPAL--NOMBRE DE PERSONA
Nombre de persona Humboldt, Wilhelm von
9 (RLIN) 15879
245 10 - MENCIÓN DE TÍTULO
Título Wilhelm von Humboldt Ausgewählte Schriften
Mención de responsabilidad, etc. Herausgegeben von Theodor Kappstein.
260 ## - PUBLICACIÓN, DISTRIBUCIÓN, ETC.
Lugar de publicación, distribución, etc. Berlín
Nombre del editor, distribuidor, etc. Borngräber
Fecha de publicación, distribución, etc. [1917]
300 ## - DESCRIPCIÓN FÍSICA
Extensión 527 p.
Otras características físicas il., retratos
Dimensiones 20 cm
500 ## - NOTA GENERAL
Nota general K36
600 14 - PUNTO DE ACCESO ADICIONAL DE MATERIA--NOMBRE DE PERSONA
Nombre de persona Humboldt, Wilhelm von
9 (RLIN) 15879
700 1# - PUNTO DE ACCESO ADICIONAL--NOMBRE DE PERSONA
Nombre de persona Kappstein, Theodor
Término indicativo de función/relación Editor.
9 (RLIN) 15880
902 ## - CATALOGADOR
Iniciales GFM
942 ## - ELEMENTOS DE PUNTO DE ACCESO ADICIONAL (KOHA)
Fuente del sistema de clasificación o colocación Library of Congress Classification
Tipo de ítem Koha Libros
Holdings
Estado de retiro Estado de pérdida Estado dañado No para préstamo Localización permanente Ubicación/localización actual Fecha de adquisición Número de inventario Total de préstamos Signatura topográfica completa Código de barras Fecha visto por última vez Precio válido a partir de Tipo de ítem Koha
El ejemplar forma parte de la colección y puede ser consultado según las políticas vigentes.       Biblioteca del Museo Franz Mayer (Rogerio Casas-Alatriste) Biblioteca del Museo Franz Mayer (Rogerio Casas-Alatriste) 11/08/2011 K36   PZ3 .W558 Lo (K36) 6779 22/03/2019 22/03/2019 Libros